000 00717nam a2200217 4500
001 113106
003 ES-MaACL
005 20250813063317.0
007 t|
008 061121s1939 sp r ||||1| spa d
100 1 _aMussolini, Benito,
_d1883-1945
_984705
245 1 0 _aHabla el Duce :
_bel pensamiento militar y político del Duce del fascismo italiano /
_cBenito Mussolini.
250 _a2ª ed.
260 _aBilbao :
_bEditora Nacional,
_c1939.
300 _a65 p. ;
_c22 cm.
594 _aExtractos de discursos y de escritos históricos.
650 _aFascismo-
_zItalia.
_9160050
651 0 _aItalia-
_xHistoria-
_z1922-1945.
_98871
852 _aES-MaACL
_j1812-F-15
999 _c113106
_d113106